Southville International School and Colleges
Your cart is empty.
  • Cart
  • Lists
    Public lists list_1 View all
    Your lists Log in to create your own lists
  • Log in to your account
  • Your cookies
  • Search history
Southville International School and Colleges
  • Advanced search
  • Recent comments
  • Most popular
  • Libraries

Log in to your account

Log in with GOOGLE


If you do not have an external account, but do have a local account, you can still log in:

  1. Home
  2. MARC view: DENR firm on Boracay sewage treatment plants/
Normal view MARC view ISBD view

DENR firm on Boracay sewage treatment plants/ (Record no. 361775)

[ view plain ]
MARC details
000 -LEADER
fixed length control field 00508nam a2200169Ia 4500
008 - FIXED-LENGTH DATA ELEMENTS--GENERAL INFORMATION
fixed length control field 190430s9999 xx 000 0 und d
100 ## - MAIN ENTRY--PERSONAL NAME
Personal name Simeon, Louise Maureen
245 ## - TITLE STATEMENT
Title DENR firm on Boracay sewage treatment plants/
245 ## - TITLE STATEMENT
Statement of responsibility, etc Maureen Louise Simeon and Romina Cabrera
260 ## - PUBLICATION, DISTRIBUTION, ETC. (IMPRINT)
Name of publisher, distributor, etc The Philippine Star
260 ## - PUBLICATION, DISTRIBUTION, ETC. (IMPRINT)
Date of publication, distribution, etc 2018
300 ## - PHYSICAL DESCRIPTION
Extent Page 15, August 28
440 ## - SERIES STATEMENT/ADDED ENTRY--TITLE
Title The Philippine Star
Volume number/sequential designation 33:32
650 ## - SUBJECT ADDED ENTRY--TOPICAL TERM
Topical term or geographic name as entry element Boracay (Philippines)
650 ## - SUBJECT ADDED ENTRY--TOPICAL TERM
Topical term or geographic name as entry element Geography
650 ## - SUBJECT ADDED ENTRY--TOPICAL TERM
Topical term or geographic name as entry element sewage treatment plants
Holdings
Withdrawn status Lost status Damaged status Home library Current library Date acquired Total Checkouts Date last seen Price effective from Koha item type
      Luxembourg Library Luxembourg Library 04/30/2019   04/30/2019 04/30/2019 Periodicals

DENR firm on Boracay sewage treatment plants/

APA

Simeon L. M., .DENR firm on Boracay sewage treatment plants. : The Philippine Star.

Chicago

Simeon Louise Maureen, .DENR firm on Boracay sewage treatment plants. : The Philippine Star.

Harvard

Simeon L. M., .DENR firm on Boracay sewage treatment plants. : The Philippine Star.

MLA

Simeon Louise Maureen, .: The Philippine Star. .

  • Place hold
  • Print
  • Cite
  • Add to your cart (remove)
  • Save record
    BIBTEX Dublin Core MARCXML MARC (non-Unicode/MARC-8) MARC (Unicode/UTF-8) MARC (Unicode/UTF-8, Standard) MODS (XML) RIS
  • More searches
    Search for this title in:
    Other Libraries (WorldCat) Other Databases (Google Scholar) Online Stores (Bookfinder.com) Open Library (openlibrary.org)

Exporting to Dublin Core...

SOUTHVILLE LIBRARY

Southville International School and Colleges Library

1281 Tropical Ave. Cor. Luxembourg St., BF Homes International, Las Pinas City

Tel. No. 8256374 / 252358 Loc. 117/146

Powered by Koha